00663nam a2200157Ia 4500008004100000040001800041041000800059110005700067245018500124260005900309300001800368504003000386650002300416650002500439650004100464130821s1992 ck gr spa  aCo-BoUCMbspa aspa aColombia.bRegistraduría Nacional del Estado Civil 3aLa democracia regional y local organización electoral. Colombia, elecciones 8 de marzo - 1992. Alcaldes, Concejales, Diputados, EdilescRegistraduría Nacional de Estado Civil. aBogotá (Colombia)bLinotipia Bolívar y Cíac1992 a2 volúmenes aIncluye índice general.04aCiencia política04aDemocraciazColombia04aEleccioneszColombiavEstadísticas